Seven Chakras Quiz Stats

 Plays Quiz Updated Mar 9, 2020

     
Support Sporcle.
Go Orange.
Score 0/7 Timer 02:00
2 Plays Today
Number Chakra % Correct
Fourth ChakraHeart Chakra
86.7%
Fifth ChakraThroat Chakra
54.9%
Seventh ChakraCrown Chakra
51.5%
First ChakraRoot Chakra
40.7%
Third ChakraSolar Plexus Chakra
31.6%
Sixth ChakraBrow Chakra
25.1%
Second ChakraSacral Chakra
21.3%

From the Vault

Mystery Phrase Blitz: Official Languages

by bhenderson79

Language 90s
Don't worry, the mystery phrase is still in English.
Remove Ads.
Support Sporcle.
Get the best of Sporcle when you Go Orange. This ad-free experience offers more features, more stats, and more fun while also helping to support Sporcle. Thank you for becoming a member.

Show Comments

Extras

Top Quizzes Today


Score Distribution

Your Account Isn't Verified!

In order to create a playlist on Sporcle, you need to verify the email address you used during registration. Go to your Sporcle Settings to finish the process.

Report this User

Report this user for behavior that violates our Community Guidelines.

Details: